Влияние поверхностной активации и внутренних механических напряжений на диффузию атомов кислорода при электронно-лучевой обработке TiNi-сплавов; Физическая мезомеханика; Т. 13, № 1
| Parent link: | Физическая мезомеханика/ Российская академия наук (РАН), Сибирское отделение (СО), Институт физики прочности и материаловедения (ИФПМ).— , 1998- Т. 13, № 1.— 2010.— [С. 95-106] |
|---|---|
| المؤلف الرئيسي: | |
| مؤلفون آخرون: | |
| الملخص: | Заглавие с экрана В работе исследуется влияние нелинейных эффектов поверхностной неравновесной активации и внутренних механических напряжений, наблюдаемых в процессах электронно-лучевой модификации TiNi-сплавов, на диффузию кислорода из адсорбционного слоя вглубь материала. Предложенная математическая модель включает уравнения теплопроводности, диффузии и кинетики с соответствующими импульсной электронно-лучевой обработке начальными и граничными условиями. Приводятся оценки кинетических параметров. Рассчитываются распределения температуры, концентрации и напряжений по пространству и времени для широкой области изменения параметров. Определяется глубина зон прогрева и диффузии, проводится сравнение результатов с учетом активации и без нее. Режим доступа: по договору с организацией-держателем ресурса |
| اللغة: | الروسية |
| منشور في: |
2010
|
| الموضوعات: | |
| الوصول للمادة أونلاين: | http://elibrary.ru/item.asp?id=13062125 |
| التنسيق: | MixedMaterials الكتروني فصل الكتاب |
| KOHA link: | https://koha.lib.tpu.ru/cgi-bin/koha/opac-detail.pl?biblionumber=637926 |
MARC
| LEADER | 00000naa0a2200000 4500 | ||
|---|---|---|---|
| 001 | 637926 | ||
| 005 | 20250124110939.0 | ||
| 035 | |a (RuTPU)RU\TPU\network\2118 | ||
| 090 | |a 637926 | ||
| 100 | |a 20141113d2010 k||y0rusy50 ca | ||
| 101 | 0 | |a rus | |
| 102 | |a RU | ||
| 135 | |a drcn ---uucaa | ||
| 181 | 0 | |a i | |
| 182 | 0 | |a b | |
| 200 | 1 | |a Влияние поверхностной активации и внутренних механических напряжений на диффузию атомов кислорода при электронно-лучевой обработке TiNi-сплавов |f А. Г. Князева, А. В. Тян | |
| 203 | |a Текст |c электронный | ||
| 300 | |a Заглавие с экрана | ||
| 320 | |a [Библиогр.: с. 105-106 (23 назв.)] | ||
| 330 | |a В работе исследуется влияние нелинейных эффектов поверхностной неравновесной активации и внутренних механических напряжений, наблюдаемых в процессах электронно-лучевой модификации TiNi-сплавов, на диффузию кислорода из адсорбционного слоя вглубь материала. Предложенная математическая модель включает уравнения теплопроводности, диффузии и кинетики с соответствующими импульсной электронно-лучевой обработке начальными и граничными условиями. Приводятся оценки кинетических параметров. Рассчитываются распределения температуры, концентрации и напряжений по пространству и времени для широкой области изменения параметров. Определяется глубина зон прогрева и диффузии, проводится сравнение результатов с учетом активации и без нее. | ||
| 333 | |a Режим доступа: по договору с организацией-держателем ресурса | ||
| 461 | |t Физическая мезомеханика |f Российская академия наук (РАН), Сибирское отделение (СО), Институт физики прочности и материаловедения (ИФПМ) |d 1998- | ||
| 463 | |t Т. 13, № 1 |v [С. 95-106] |d 2010 | ||
| 610 | 1 | |a электронный ресурс | |
| 610 | 1 | |a труды учёных ТПУ | |
| 610 | 1 | |a диффузия | |
| 610 | 1 | |a механические напряжения | |
| 610 | 1 | |a деформации | |
| 610 | 1 | |a электронно-лучевая обработка | |
| 610 | 1 | |a численное моделирование | |
| 700 | 1 | |a Князева |b А. Г. |c российский физик |c профессор Томского политехнического университета, доктор физико-математических наук |f 1962- |g Анна Георгиевна |3 (RuTPU)RU\TPU\pers\25578 |9 11508 | |
| 701 | 1 | |a Тян |b А. В. |g Алексей Владимирович | |
| 801 | 2 | |a RU |b 63413507 |c 20141113 |g RCR | |
| 856 | 4 | |u http://elibrary.ru/item.asp?id=13062125 | |
| 942 | |c CF | ||